Poštový poriadok. Poštové smerovacie čísla v Slovenskej republike

Guardado en:
Detalles Bibliográficos
Formato: Libro
Lenguaje:eslovaco
Publicado: Bratislava Epos 1993
Edición:1. vyd.
Materias:
Etiquetas: Agregar Etiqueta
Sin Etiquetas, Sea el primero en etiquetar este registro!

MARC

LEADER 00000nam a2200000 4500
001 c002682
005 20221214083646.6
020 |a 80-85703-27-0 
041 0 |a slo 
044 |a SK 
245 1 0 |a Poštový poriadok. Poštové smerovacie čísla v Slovenskej republike 
250 |a 1. vyd. 
264 1 |a Bratislava  |b Epos  |c 1993 
300 |a 96 s. 
610 2 0 |a pošty 
610 2 0 |a spoje 
610 2 0 |a vyhlášky 
610 2 0 |a Slovensko 
610 2 0 |a PSČ